000 00466nam a22001937a 4500
003 OSt
008 230510b |||||||| |||| 00| 0 eng d
020 _a9789327238303
082 _a658.5 GUP
100 _aGUPTA,Neeti
245 _aPrinciples of Material Management
250 _aReprint
260 _aNew Delhi
_bKalyani Pub
_c2022
300 _aMISC
650 _aDecentralization
700 _aGUPTA,Anuj
700 _aCHAUDHARY,Pankaj
942 _2ddc
_cREF
999 _c12014
_d12014